Регионална библиотека "Любен Каравелов" - Русе

Ярославские портреты XVIII - XIX веков (Запис номер 210349)

MARC детайли
000 -Лидер
Контролно поле с фиксирана дължина 01523nkm a2200361 c 4500
003 - Код на организацията, давaща контролен номер
Контролно поле BLK
005 - Дата и час на последна редакция
Контролно поле 20180421002030.0
008 - Елементи от данни с фиксирана дължина
fixed length control field 180412b bul rap|r|||| r0| ||bulo|
010 ## - Наследен системен номер
LC control number KNG00163992000
040 ## - Източник на каталожния запис
Идентификатор на билиотеката - собственик на записа BLK
041 ## - Код за език
Код за езика на текст/звукозапис или на отделно заглавие Руски
Код за езика КДБФ Руски
Други езици Френски
080 ## - УДК
Текстов определител УДК Живопис - Портрети
УДК код - определител по УДК 75.041.5
УДК определител (470)
УДК - код + определител 75.041.5(470)
139 ## - Редно поле
Редна дума Ярославские портреты XVIII - XIX веков
Авторски знак Ярос - Я 81
245 10 - Сведения за заглавието
Заглавие Ярославские портреты XVIII - XIX веков
Редно поле (дума) состав. Ирина Николаевна Феодорова; состав. Савелий Васильевич Ямщиков.
246 11 - Различни форми на заглавието
Паралелно заглавие Les portraits de Yaroslavl XVIIIe - XIXe siecles
250 ## - Област на изданието
Сведения за изданието 2. изд.
257 ## - Страна на издаване
Страна на създаване/издаване СССР
260 ## - Област на издателските данни
-- Москва
Име на издателя, разпространителя и проч. Изобраз. искусство
Година на издаване 1986
300 ## - Физическа характеристика
Страници 26 с., 11 с., 134 л.
Илюстрации и др. ил.
Размери/Мащаб 31 см
380 ## - Жанр
Жанр Изкуство
500 ## - Общи забележки
Забележка Списък на съкр. - Списък на репрод. - 30 000 тир.
650 #4 - Допълнително описание по предмет – тема
Основно описание – тема или топоним Портретна живопис
9 (RLIN) 305805
653 ## - Ключова дума – ненормативна
Ключова дума портрети
653 ## - Ключова дума – ненормативна
Ключова дума XVIII в.
653 ## - Ключова дума – ненормативна
Ключова дума XIX в.
700 1# - Други автори (авторска отговорност)
Лично име Феодорова, Ирина Николаевна
Автороска отговорност (Описва отношението между автора и произведението) состав.
9 (RLIN) 352388
700 1# - Други автори (авторска отговорност)
Лично име Ямщиков, Савелий Васильевич
Автороска отговорност (Описва отношението между автора и произведението) состав.
9 (RLIN) 145375
852 ## - Местоположение
Форматна сигнатура Цб Гр А ІІ 3649
856 4# - Електронен адрес и достъп
Електронен формат pdf - файл
Път до файла /url/
856 4# - Електронен адрес и достъп
Електронен формат pdf - файл
Път до файла /url/
942 ## - АРТИКУЛИ
Вид на библиотечния материал Графични издания
Скрит в OPAC Не
944 ## - СЪЗДАВАНЕ И РЕДАКЦИЯ на ЗАПИСА
Създаване/Редакция Създаване
Дата на регистрацията/редакция 08.08.2014
Статус, дата на статуса 08.08.2014 - от С1,Р / 08.08.2014
Служител, извършил регистрацията/редакцията Камелия_Данева
944 ## - СЪЗДАВАНЕ И РЕДАКЦИЯ на ЗАПИСА
Създаване/Редакция Редакция
Дата на регистрацията/редакция 08.08.2014
Статус, дата на статуса 08.08.2014 - от С1,Р / 08.08.2014
Служител, извършил регистрацията/редакцията
999 ## - СИСТЕМНИ КОНТРОЛНИ НОМЕРА
Koha biblionumber 210349
Koha biblioitemnumber 210349
Наличности
Код за отписване Код за изгубен артикул Източник на класификационната схема Код за повреда Коз за рестрикции Код за отдаване Артикулен № Име на библиотеката - собственик Име на библиотеката, в която се намира в момента Статус (Текущо местоположение) Дата на вписване в системата Местоположение - отдел Цена в лева Инвентарен номер Систематично азбучна сигнатура Баркод Номер на екземпляра Цена в евро Служебна бележка Служебен тип на артикула
  Не е изгубен Universal Decimal Classification Не е повреден без рестрикции заемане за дома 361902 Регионална библиотека "Любен Каравелов" Русе Регионална библиотека "Любен Каравелов" Русе Отдел Изкуство - подръчен фонд 1986-01-01 Отдел Изкуство - подръчен фонд 10.40 522730 75.04/Я 81 120000522730 1 5.32 Дост: Pk Вид: Ф N: стар фонд Дата: 01.01.1986 Дата инв: 04.06.2015 Бележки инв: ГрИ2015 Графични издания
Vip Innovations Ltd, Rousse, Bulgaria 2025